| 000 | 00795nam a2200193Ia 4500 | ||
|---|---|---|---|
| 008 | 090123s9999 xx 000 0 und d | ||
| 082 | _b37305 | ||
| 100 | _aगाला ध.रा. | ||
| 245 | _aआरोग्याची गुरुकिल्ली निसर्गोपचार पद्धती | ||
| 250 | _a0 | ||
| 260 | _bनवनीत प्रकाशन | ||
| 300 | _a141 | ||
| 600 | _aगाला ध.रा. | ||
| 630 | _aआरोग्याची गुरुकिल्ली निसर्गोपचार पद्धती | ||
| 700 | _aगाला ध.रा. | ||
| 700 | _aजोशी कुमुद | ||
| 730 | _aआरोग्याची गुरुकिल्ली निसर्गोपचार पद्धती | ||
| 942 | _cBOOK | ||
| 999 |
_c75371 _d75371 |
||